| 000 | 00428nam a2200181Ia 4500 | ||
|---|---|---|---|
| 008 | 230524s9999 xx 000 0 und d | ||
| 020 | _a8170088836 | ||
| 082 |
_a624.1517 _bPUN |
||
| 100 | _aDr. B.C.Punmia | ||
| 245 | 0 | _aSurveying Vol-2 | |
| 250 | _a15 | ||
| 260 |
_aNew Delhi _bLaxmi Pub. _c2014 |
||
| 300 | _a653p; | ||
| 500 | _aQuantity Number: 31 | ||
| 650 | _aCivil | ||
| 700 | _aRe. Ashok Kumar Jain | ||
| 942 | _cBK | ||
| 999 |
_c55179 _d55179 |
||